[Event "Lagos South West op"]
[Site "Lagos"]
[Date "2023.07.15"]
[Round "6"]
[White "Lapite, Oluwadurotimi Opeol"]
[Black "Okubuarere, Karebo"]
[Result "1-0"]
[WhiteElo "2150"]
[BlackElo "1978"]
[PlyCount "105"]
[EventDate "2023.07.12"]
[EventType "swiss"]
[EventRounds "9"]
[EventCountry "NGR"]
[SourceTitle "CBM 215 Extra"]
[Source "ChessBase"]
[SourceDate "2023.09.30"]
[SourceVersion "1"]
[SourceVersionDate "2023.09.30"]
[SourceQuality "1"]

1. Nf3 Nf6 2. c4 e6 3. Nc3 d5 4. e3 Nbd7 5. d4 c6 6. Qc2 Bd6 7. b3 b6 8. Bd3 Bb7 9. 0-0 0-0 10. Bb2 e5 11. cxd5 cxd5 12. Nb5 Rc8 13. Qb1 Bb8 14. dxe5 Ne4 15. Nd6 Bxd6 16. exd6 Ndc5 17. Be5 h6 18. Rd1 f6 19. Bg3 Nc3 20. Bh7+ Kh8 21. Qf5 Nxd1 22. Rxd1 Qd7 23. Nh4 Qb5 24. Ng6+ Kxh7 25. Nxf8+ Kg8 26. Ng6 Qe2 27. Ne7+ Kh8 28. Qf3 Qxf3 29. gxf3 Rd8 30. Nxd5 Bxd5 31. Rxd5 Kg8 32. f4 Kf7 33. f5 Ke8 34. Kg2 Kd7 35. Kf3 Kc6 36. Rd4 b5 37. Kg4 Rd7 38. Kh5 a5 39. Kg6 b4 40. f3 Kb5 41. e4 a4 42. Be1 axb3 43. Rxb4+ Kc6 44. axb3 Nd3 45. Rc4+ Kb5 46. Bg3 Nc5 47. Kh7 Rb7 48. Kg8 h5 49. h4 Rd7 50. Kf8 Rb7 51. Ke8 Rb8+ 52. Kf7 Rb7+ 53. Kg6 1-0

[Event "Lagos South West op"]
[Site "Lagos"]
[Date "2023.07.14"]
[Round "5"]
[White "Afam, Ndidi Ernest"]
[Black "Lapite, Oluwadurotimi Opeol"]
[Result "1-0"]
[WhiteElo "1984"]
[BlackElo "2150"]
[PlyCount "95"]
[EventDate "2023.07.12"]
[EventType "swiss"]
[EventRounds "9"]
[EventCountry "NGR"]
[SourceTitle "CBM 215 Extra"]
[Source "ChessBase"]
[SourceDate "2023.09.30"]
[SourceVersion "1"]
[SourceVersionDate "2023.09.30"]
[SourceQuality "1"]

1. e4 c6 2. Nc3 d5 3. Nf3 dxe4 4. Nxe4 Nf6 5. Qe2 Nxe4 6. Qxe4 Qd5 7. Qxd5 cxd5 8. d4 Nc6 9. Bb5 a6 10. Bxc6+ bxc6 11. Bf4 e6 12. c3 f6 13. Kd2 c5 14. a3 cxd4 15. cxd4 g5 16. Bg3 Bh6 17. Ne1 g4+ 18. Kc3 Bd7 19. Nd3 Rc8+ 20. Nc5 Bf8 21. b4 Bb5 22. h3 gxh3 23. Rxh3 Kf7 24. Rah1 Kg6 25. Bf4 h6 26. Rh5 Be2 27. f3 a5 28. Kd2 Bxc5 29. bxc5 Bf1 30. R5h2 Bc4 31. Rxh6+ Rxh6 32. Rxh6+ Kf5 33. Ke3 e5 34. g4+ Ke6 35. Bxe5 Rf8 36. g5 Kf5 37. Rxf6+ Rxf6 38. Bxf6 Bb5 39. Bd8 a4 40. f4 Be8 41. Bf6 Bb5 42. Be5 Be8 43. Kd2 Bg6 44. c6 Ke6 45. Kc3 Be8 46. c7 Kd7 47. Kb4 Kc8 48. Kc5 1-0

[Event "PRO League Stage"]
[Site "Chess.com INT"]
[Date "2017.02.22"]
[Round "7"]
[White "Lapite, Oluwadurotimi Opeol"]
[Black "Jonsson, Gauti Pall"]
[Result "1/2-1/2"]
[WhiteElo "2067"]
[BlackElo "2036"]
[PlyCount "124"]
[EventDate "2017.01.11"]
[EventType "team-swiss (rapid)"]
[EventRounds "7"]
[EventCountry "USA"]
[SourceTitle "EXT 2018"]
[Source "ChessBase"]
[SourceDate "2017.10.13"]
[SourceVersion "1"]
[SourceVersionDate "2017.10.13"]
[SourceQuality "1"]
[WhiteTeam "Lagos Leatherbacks"]
[BlackTeam "Reykjavik Puffins"]
[WhiteTeamCountry "NGR"]
[BlackTeamCountry "ISL"]

1. e4 e6 2. d4 d5 3. e5 c5 4. c3 Nc6 5. Nf3 Bd7 6. Be2 Nge7 7. h4 cxd4 8. cxd4 Qb6 9. Nc3 Nf5 10. Na4 Qa5+ 11. Nc3 Bb4 12. g4 Nfxd4 13. Nxd4 Bxc3+ 14. bxc3 Qxc3+ 15. Kf1 Qxd4 16. Rb1 Qxd1+ 17. Bxd1 b6 18. f4 0-0 19. Ba3 Rfc8 20. Rh2 Na5 21. h5 Nc4 22. Bc1 Rc7 23. h6 g6 24. Bb3 Rac8 25. Rc2 Ne3+ 26. Bxe3 Rxc2 27. Bxc2 Rxc2 28. Rc1 Rxc1+ 29. Bxc1 Kf8 30. Ba3+ Ke8 31. Kf2 a5 32. Bd6 Kd8 33. Ke3 Bb5 34. Kd4 Kd7 35. a3 Kc6 36. g5 Bc4 37. Kc3 Be2 38. Bf8 Kb5 39. Bd6 Ka4 40. Bf8 Bf3 41. Bd6 b5 42. Bc5 d4+ 43. Kxd4 b4 44. axb4 axb4 45. Ke3 b3 46. Bd4 Bd5 47. Bb2 Kb4 48. Kd4 Bg2 49. Kd3 Kc5 50. Kd2 Bf3 51. Ke3 Bd1 52. Kd2 Bc2 53. Ke3 Kd5 54. Bc3 Kc4 55. Bb2 Bf5 56. Kd2 Bg4 57. Ke3 Bd1 58. Kd2 Bc2 59. Ke3 Kd5 60. Bc3 Bb1 61. Bb2 Kc4 62. Kd2 Kd5 1/2-1/2

[Event "PRO League Stage"]
[Site "Chess.com INT"]
[Date "2017.02.11"]
[Round "5"]
[White "Li, Beilin"]
[Black "Lapite, Oluwadurotimi Opeol"]
[Result "1-0"]
[WhiteElo "1780"]
[BlackElo "2067"]
[PlyCount "67"]
[EventDate "2017.01.11"]
[EventType "team-swiss (rapid)"]
[EventRounds "7"]
[EventCountry "USA"]
[SourceTitle "CBM 176 Extra"]
[Source "ChessBase"]
[SourceDate "2017.03.02"]
[SourceVersion "1"]
[SourceVersionDate "2017.03.02"]
[SourceQuality "1"]
[WhiteTeam "Pittsburgh Pawngrabbers"]
[BlackTeam "Lagos Leatherbacks"]
[WhiteTeamCountry "USA"]
[BlackTeamCountry "NGR"]

1. e4 c6 2. c4 d5 3. cxd5 cxd5 4. exd5 Nf6 5. Nc3 Nxd5 6. Nf3 Nc6 7. Bc4 Nxc3 8. bxc3 e6 9. 0-0 Be7 10. d4 0-0 11. Re1 Bd7 12. Bd3 Rc8 13. h4 Bxh4 14. Nxh4 Qxh4 15. Re3 e5 16. d5 Ne7 17. Rxe5 Ng6 18. Re4 Qf6 19. Bb2 Bf5 20. Rb4 Bxd3 21. Qxd3 Ne5 22. Qg3 Nc4 23. Bc1 b6 24. Bf4 Qf5 25. Rd1 Rfd8 26. d6 Qc2 27. Rd4 Na5 28. Be5 Qg6 29. Qxg6 hxg6 30. d7 Rxc3 31. Rd1 Nc6 32. Bxc3 Nxb4 33. Bxb4 f6 34. Be7 1-0

[Event "Lagos Friends of Chess"]
[Site "Lagos"]
[Date "2015.08.06"]
[Round "1"]
[White "Lapite, Oluwadurotimi Opeol"]
[Black "Koko, Obubele"]
[Result "1/2-1/2"]
[WhiteElo "2238"]
[BlackElo "2030"]
[PlyCount "97"]
[EventDate "2015.08.06"]
[EventType "swiss"]
[EventRounds "7"]
[EventCountry "NGR"]
[SourceTitle "EXT 2018"]
[Source "ChessBase"]
[SourceDate "2017.10.13"]
[SourceVersion "1"]
[SourceVersionDate "2017.10.13"]
[SourceQuality "1"]

1. e4 e6 2. d4 d5 3. Nc3 Nf6 4. e5 Nfd7 5. f4 c5 6. Nf3 Nc6 7. Be3 a6 8. Qd2 b5 9. Qf2 c4 10. Ne2 Be7 11. g4 Qc7 12. h4 Nb4 13. Ng3 c3 14. b3 Nc6 15. g5 Ba3 16. Nh5 g6 17. Nf6+ Nxf6 18. gxf6 Bb2 19. Rd1 h5 20. Rg1 Bd7 21. Ng5 Qa5 22. Bd3 Nb4 23. Qe2 Nxd3+ 24. Qxd3 Rg8 25. Kf2 b4 26. Qe2 Qxa2 27. f5 exf5 28. Bf4 Be6 29. Nxe6 fxe6 30. Rxg6 Rxg6 31. Qxh5 0-0-0 32. Qxg6 Ba3 33. Qh5 Qxc2+ 34. Qe2 Qxe2+ 35. Kxe2 Kd7 36. Kd3 Rg8 37. Bg5 Ke8 38. Kc2 Kf7 39. Rg1 a5 40. Rg3 Rb8 41. Bh6 Rg8 42. Rg7+ Rxg7 43. Bxg7 f4 44. Bh6 f3 45. Be3 Bb2 46. h5 Ba3 47. Bf2 Bb2 48. Be3 Ba3 49. Bf2 1/2-1/2